Bases para la determinación de resultados (Registro nro. 23759)

Detalles MARC
000 -LEADER
fixed length control field 00546 a2200181 4500
001 - CONTROL NUMBER
control field ART_9639
005 - DATE AND TIME OF LATEST TRANSACTION
control field 20260410161837.0
008 - FIXED-LENGTH DATA ELEMENTS--GENERAL INFORMATION
fixed length control field 260409a
100 1# - MAIN ENTRY--PERSONAL NAME
Personal name García, Sergio O.
245 10 - TITLE STATEMENT
Title Bases para la determinación de resultados
700 1# - ADDED ENTRY--PERSONAL NAME
Personal name Elizalde, Mario D.
700 1# - ADDED ENTRY--PERSONAL NAME
Personal name Maquieira, Alberto G.
700 1# - ADDED ENTRY--PERSONAL NAME
Personal name Merodio, Haroldo M.
700 1# - ADDED ENTRY--PERSONAL NAME
Personal name Piccina, José
700 1# - ADDED ENTRY--PERSONAL NAME
Personal name Seijas, Pedro José
700 1# - ADDED ENTRY--PERSONAL NAME
Personal name Vega, Rubén O.
773 0# - HOST ITEM ENTRY
Title Contabilidad y administración
Related parts - Año 6, Nº 57 (mar. 1982)
Record control number REV5485

No hay ítems disponibles.